Normal view
MARC view
- National parks and reserves
Entry Topical Term
001 - CONTROL NUMBER
- control field: 97478
003 - CONTROL NUMBER IDENTIFIER
- control field: NUST
005 - DATE AND TIME OF LATEST TRANSACTION
- control field: 20220816142534.0
008 - FIXED-LENGTH DATA ELEMENTS
- fixed length control field: 220816|| aca||aabn | a|a d
040 ## - CATALOGING SOURCE
- Original cataloging agency: NUST
- Transcribing agency: NUST
150 ## - HEADING--TOPICAL TERM
- Topical term or geographic name entry element: National parks and reserves
- Geographic subdivision: United States
- Form subdivision: Maps
670 ## - SOURCE DATA FOUND
- Source citation: Work cat.: (NUST)0: Waterman, Jonathan, creator. 97477, Atlas of the National Parks
